| 000 | 00318nam a22001217a 4500 | ||
|---|---|---|---|
| 082 |
_a347.549101 _bAKH |
||
| 100 |
_aAkhtar, Ifraz _9128112 |
||
| 245 |
_aManual of Civil Courts Laws / _cIfraz Akhtar |
||
| 260 |
_aLahore : _bCapital Law Publishers, _c2021. |
||
| 300 | _a304 p. | ||
| 650 |
_aLaw _935302 |
||
| 942 |
_2ddc _cBK |
||
| 999 |
_c613468 _d613468 |
||